000 01038 a2200241 4500
999 _c442733
_d442733
003 UA-OsUOA
005 20191223103659.0
008 191108b un ||||| |||| 00| 0 ukr d
040 _aUA-OsUOA
_bukr
_cUA-OsUOA
_dUA-OsUOA
041 _aukr
080 _a82-94
090 _a82-94
_bГ 55
100 _aГлушаниця П.
245 _aРозкидані долею, або моя відповідь яничарам
_cП. Глушаниця
260 _c1990
_aКиїв
300 _a57 с.
520 _aСпогади Павла Глушаниці.
650 _a82-94 Історія як літературний жанр. Історичні твори. Історіографія. Хроніки. Аннали. Мемуари. Журнали. Щоденники. Біографії. Автобіографії
700 1 _aГлушаниця П.
942 _cBK
_2udc
955 _a1